| 000 | 00550nam a2200193 i 4500 | ||
|---|---|---|---|
| 001 | 106158 | ||
| 003 | ES-MaACL | ||
| 005 | 20230906184053.0 | ||
| 007 | t| | ||
| 008 | 061003s1954 mx ||||1| spa d | ||
| 080 | _a821.134.2(72)-14"19" | ||
| 100 | 1 |
_aCárdenas Peña, José. _935151 |
|
| 245 | 1 | 0 |
_aRetama del olvido y otros poemas / _cpor José Cárdenas Peña. |
| 250 | _a1ª ed. | ||
| 260 |
_aMéxico : _bTezontle, _c1954. |
||
| 300 |
_a50 p. ; _c22 cm. |
||
| 500 | _aBiblioteca Juan Andrade. | ||
| 852 |
_aES-MaACL _jAND-Fol-26 _bR.110411 |
||
| 999 |
_c106158 _d106158 |
||